000 01150aam a2200325 i 4500
001 768714001
003 CO-MdFUSB
005 20250424164445.0
007 ta
008 250424t1977 ag |||| |||| 00| 0 spa d
040 _cCO-MdFUSB
041 0 _aspa
082 0 4 _223
_a239
_bB8863e
100 1 _aBruce, Federico F. (Fyvie) (1910-)
_eautor
240 _aThe apostolic defence of the gospel
245 3 _aLa defensa apostólica del evangelio
_c / F. F. Bruce ; traducido por Daniel Hall
250 _asegunda edición
264 1 _bEdiciones Certeza,
_aBuenos Aires, Argentina :
_c[1977]
264 4 _c©1977
300 _a121 páginas
_c; 18 cm
336 _atexto
_btxt
_2rdacontent
337 _2rdamedia
_asin mediación
_bn
338 _2rdacarrier
_avolumen
_bnc
505 _aEl evangelio enfrenta al judaísmo. --El evangelio enfrenta al paganismo. -- El evangelio enfrenta al imperio romano. -- El evangelio enfrenta al pseudo-cristianismo. -- La finalidad del Evangelio.
563 _aRústico
650 7 _aApologética
_9187
700 _aHall, Daniel E. ‎
_98461
_etraductor
942 _cBK
945 _aJTF-925
999 _c35068
_d35068